Crooks v Newdigate Properties Ltd and Ors (Record no. 81525)

MARC details
000 -LEADER
fixed length control field 01823cab a22002175a 4500
001 - CONTROL NUMBER
control field L147397
008 - FIXED-LENGTH DATA ELEMENTS--GENERAL INFORMATION
fixed length control field 090508e009A0402xxk f v 000 0 eng d
035 ## - SYSTEM CONTROL NUMBER
System control number (Sirsi) u147397
041 0# - LANGUAGE CODE
Language code of text/sound track or separate title eng
245 00 - TITLE STATEMENT
Title Crooks v Newdigate Properties Ltd and Ors
Medium [electronic resource]
260 ## - PUBLICATION, DISTRIBUTION, ETC.
Date of publication, distribution, etc. 2009
520 ## - SUMMARY, ETC.
Summary, etc. [2009] EWCA Civ 283, 2 April 2009. A debtor who pays a debt owed but it and another debtor should make sure it reserves any right to be reimbursed by the other debtor. Case concerned the extent to which the discharge of a liability by defendants under a court order had the effect of also discharging the same liability of another defendant, who was not party to the order. The appellant (M) appealed against a declaration that the liability of the respondent (G) under a judgement had been discharged in full by payment made to the claimant by the other defendants pursuant to a consent order so that the judgement could not be enforced by M as assignee. C took action against N and others because he said he had not been paid a finder's fee. The individuals defended the claim, except G. When the individuals agreed to pay C, this did not apply to G. The individuals sought to pursue G for his liability. Held: appeal dismissed. The Court found for G because his liability had been paid by the defendants, and they could not pursue him because it was outside the statutory limitation period.
590 ## - LOCAL NOTE (RLIN)
Local note KA
650 24 - SUBJECT ADDED ENTRY--TOPICAL TERM
Topical term or geographic name entry element CIVIL LIABILITY (CONTRIBUTION) ACT 1978
650 24 - SUBJECT ADDED ENTRY--TOPICAL TERM
Topical term or geographic name entry element LIMITATION ACT 1980 S10
650 24 - SUBJECT ADDED ENTRY--TOPICAL TERM
Topical term or geographic name entry element CROOKS V NEWDIGATE PROPERTIES LTD AND ORS
651 #4 - SUBJECT ADDED ENTRY--GEOGRAPHIC NAME
Geographic name England and Wales
Chronological subdivision 1543-
690 ## - LOCAL SUBJECT ADDED ENTRY--TOPICAL TERM (OCLC, RLIN)
Topical term or geographic name as entry element PROPERTY-COMMERCIAL PROPERTY-COMMERCIAL PROPERTY MANAGEMENT
856 40 - ELECTRONIC LOCATION AND ACCESS
Uniform Resource Identifier <a href="https://www.bailii.org.uk/ew/cases/EWCA/Civ/2009/283.html">https://www.bailii.org.uk/ew/cases/EWCA/Civ/2009/283.html</a>
Public note View the preort online at www.bailii.org.uk...
942 ## - ADDED ENTRY ELEMENTS (KOHA)
Suppress in OPAC 0
Holdings
Withdrawn status Lost status Source of classification or shelving scheme Damaged status Not for loan Home library Current library Shelving location Date acquired Total Checkouts Full call number Barcode Date last seen Copy number Price effective from Koha item type
    Dewey Decimal Classification     Virtual Virtual Online 08/05/2009   ONLINE PUBLICATION 147397-1001 06/08/2019 1 06/08/2019 Law report